000 00720nam a2200289Ia 4500
005 20260324111954.0
008 008 260324s9999 xx 000 0 eng d
020 _a9781003430872
037 _aEBOOK
040 _aCRL
040 _beng
040 _cCRL
041 _2eng
041 _aeng
084 _qCRL
100 _aAndrew Sanders; Michele Panzavolta; Ashlee Beazley
_91140776
245 0 _aPoor Defence Lawyering in Criminal Proceedings
245 2 _bA Comparative View
260 _bTaylor and Francis
260 _c2025
365 _a
365 _b240
856 _uhttp://www.taylorfrancis.com/books/9781003430872
942 _cEBOOK
999 _c1729790
_d1729790